000 nam a22 a 4500
999 _c50806
_d50806
003 BLK
005 20230202154247.0
008 180408b bul|||||r ||||||| ||bul||
010 _aKNG00054688000
040 _aBLK
041 _aBUL
_cBUL
080 _aЧешка литература
_b821.162.3
_x-31
_z821.162.3-31
100 1 _aХашек, Ярослав
_eпърви автор
_9136579
139 _aХашек, Ярослав
_bХ 34
245 1 0 _aПриключенията на добрия войник Швейк през световната война
_bРоман
_cЯрослав Хашек; прев. от чеш. Светомир Иванчев.
250 _a5. изд.
257 _aCSK
260 _aСофия
_bНар. култура
_c1978
300 _a751 с.
_c20 см
380 _aX
500 _aОриг. загл. Osudy dobreho vojaka Svejka za svetove valky. - 1. изд. 1948 - 1955. - 50 125 тир.
700 1 _aИванчев, Светомир
_eпрев. от чеш.
_9365682
852 _aЦб 91721
856 4 _qpdf
_i0.00
_ldisable
856 4 _qpdf
_i0.00
_ldisable
942 _cKNG
_n0
_s1
_02
944 _aCR
_c13.07.2005
_kЛюдмила_Стоянова
944 _aED
_c26.02.2016
_kНора_Радева
999 _d50806